<?xml version="1.0" encoding="UTF-8"?><?xml-stylesheet type="text/xsl" href="static/style.xsl"?><OAI-PMH xmlns="http://www.openarchives.org/OAI/2.0/" xmlns:xsi="http://www.w3.org/2001/XMLSchema-instance" xsi:schemaLocation="http://www.openarchives.org/OAI/2.0/ http://www.openarchives.org/OAI/2.0/OAI-PMH.xsd"><responseDate>2026-04-17T07:44:09Z</responseDate><request verb="GetRecord" identifier="oai:www.recercat.cat:10256/28586" metadataPrefix="marc">https://recercat.cat/oai/request</request><GetRecord><record><header><identifier>oai:recercat.cat:10256/28586</identifier><datestamp>2026-03-28T00:23:43Z</datestamp><setSpec>com_2072_452966</setSpec><setSpec>com_2072_2054</setSpec><setSpec>col_2072_452968</setSpec></header><metadata><record xmlns="http://www.loc.gov/MARC21/slim" xmlns:dcterms="http://purl.org/dc/terms/" xmlns:xsi="http://www.w3.org/2001/XMLSchema-instance" xmlns:doc="http://www.lyncode.com/xoai" xsi:schemaLocation="http://www.loc.gov/MARC21/slim http://www.loc.gov/standards/marcxml/schema/MARC21slim.xsd">
   <leader>00925njm 22002777a 4500</leader>
   <datafield ind2=" " ind1=" " tag="042">
      <subfield code="a">dc</subfield>
   </datafield>
   <datafield ind2=" " ind1=" " tag="720">
      <subfield code="a">Jiménez Carrascal, Ivan</subfield>
      <subfield code="e">author</subfield>
   </datafield>
   <datafield ind2=" " ind1=" " tag="260">
      <subfield code="c">2025-10</subfield>
   </datafield>
   <datafield ind2=" " ind1=" " tag="520">
      <subfield code="a">Background: patients with chronic cancer pain are often treated with opioids for&#xd;
pain relief. However, their exposure leads to tolerance and alterations in the&#xd;
nociceptive signal, requiring increased doses to achieve the same pain control. This&#xd;
is one of the reasons why this group is considered difficult to manage in&#xd;
anaesthesiology. In addition, the lack of specific studies and protocols for this&#xd;
population results in poorer analgesic management and an increase in&#xd;
postoperative complications compared with opioid-naïve patients.&#xd;
Objective: the main objective is to compare the effect of individualizing the&#xd;
intravenous morphine rescue dose in PCA (Patient-Controlled Analgesia) devices&#xd;
based on preoperative opioid dose on the proportion of patients achieving&#xd;
acceptable pain control (Numerical Rating Scale ≤3 at rest, 24 h postoperatively)&#xd;
compared with a standard PCA morphine dose, in opioid-tolerant patients&#xd;
undergoing laparoscopic abdominal oncologic surgery.&#xd;
Study design and participants: this trial is a randomised, double-blind,&#xd;
multicentre, prospective, controlled trial that will study 336 patients (≥18 years)&#xd;
exposed to ≥60 mg oral morphine equivalent for ≥7 days, scheduled for laparoscopic&#xd;
oncologic abdominal surgery at Hospital Universitari Doctor Josep Trueta or&#xd;
Bellvitge University Hospital over one year.&#xd;
Methods: participating patients who have provided informed consent will be&#xd;
randomised 1:1 into two groups: standard PCA morphine rescue dose according to&#xd;
the institutional protocol or individualised PCA morphine dose adjusted to the&#xd;
patient's preoperative oral morphine equivalent (OME). During the postoperative&#xd;
stay in the Post-Anaesthesia Care Unit (PACU), patients will be controlled during the&#xd;
first 24 hours, where they will receive multimodal analgesia according to the&#xd;
protocol. At 24 hours, the proportion of patients with acceptable pain at rest (NRS&#xd;
≤3) will be measured</subfield>
   </datafield>
   <datafield ind2=" " ind1=" " tag="520">
      <subfield code="a">3</subfield>
   </datafield>
   <datafield ind1="8" ind2=" " tag="024">
      <subfield code="a">https://hdl.handle.net/10256/28586</subfield>
   </datafield>
   <datafield tag="653" ind2=" " ind1=" ">
      <subfield code="a">Dolor postoperatori</subfield>
   </datafield>
   <datafield tag="653" ind2=" " ind1=" ">
      <subfield code="a">Pain, Postoperative</subfield>
   </datafield>
   <datafield tag="653" ind2=" " ind1=" ">
      <subfield code="a">Morfina</subfield>
   </datafield>
   <datafield tag="653" ind2=" " ind1=" ">
      <subfield code="a">Morphine</subfield>
   </datafield>
   <datafield tag="653" ind2=" " ind1=" ">
      <subfield code="a">Analgèsia</subfield>
   </datafield>
   <datafield tag="653" ind2=" " ind1=" ">
      <subfield code="a">Analgesia</subfield>
   </datafield>
   <datafield ind2="0" ind1="0" tag="245">
      <subfield code="a">Postoperative pain in patients with opioid tolerance: the importance of therapeutic individualisation</subfield>
   </datafield>
</record></metadata></record></GetRecord></OAI-PMH>